000 00400nam a2200145 4500
001 116773
003 ES-MaACL
007 t|
008 061121s1963 sp r ||||1| spa d
100 1 _aPascual, Angel María.
_989341
245 1 0 _aGlosas a la ciudad /
_cAngel María Pascual.
260 _aPamplona :
_bMorea,
_c1963.
300 _a349 p. :
_bil ;
_c20 cm.
852 _aES-MaACL
_jE-3605
_bR.52222
999 _c116773
_d116773